Československo můj osud : kniha života českého demokrata 20. století. Svazek první. Kniha 1, Přes Mnichov do emigrace / Prokop Drtina
Record details
- Physical Description: 479, [17] stran ; 20 cm
- Edition: 1. vyd. v Melantrichu
- Publisher: Praha : Melantrich, 1991-1992
Content descriptions
| General Note: | Přetisk vyd. z r. 1982, vydaného v torontském nakl. Sixty-Eight Publishers |
Search for related items by subject
| Subject: | Drtina, Prokop, 1900-1980 |
| Genre: | vzpomínky |
Search for related items by series
Available copies
- 1 of 1 copy available at Common Catalog SPOK.
Holds
- 0 current holds with 1 total copy.
Show Only Available Copies
| Location | Call Number / Copy Notes | Barcode | Shelving Location | Status | Due Date |
|---|---|---|---|---|---|
| Hospic Dobrého Pastýře | PA
Tematická katagorie: Odborná - paliativní péče (PA) |
204595700703 | Skříň ve 2. patře (SKŘ) | Available | - |
| LDR | 01247pam a22003371aa4500 | ||
|---|---|---|---|
| 001 | 30084 | ||
| 003 | CZ-PrJAB | ||
| 005 | 20180305094630.0 | ||
| 007 | tu | ||
| 008 | 030718s1991 xr 000 0 cze | ||
| 035 | . | ‡a(CZ PrSKC)slk19980026930 | |
| 040 | . | ‡aABA001 ‡bcze ‡dABA001 ‡dABA004 | |
| 072 | 7 | . | ‡a929 ‡xBiografie ‡2Konspekt ‡98 |
| 080 | . | ‡a943.7 ‡2MRF-sel | |
| 080 | . | ‡a323 ‡2MRF-sel | |
| 100 | 1 | . | ‡aDrtina, Prokop, ‡d1900-1980 ‡7jk01023131 ‡4aut |
| 245 | 1 | 0. | ‡aČeskoslovensko můj osud : ‡bkniha života českého demokrata 20. století. ‡nSvazek první. Kniha 1, ‡pPřes Mnichov do emigrace / ‡cProkop Drtina |
| 246 | 3 | 0. | ‡aPřes Mnichov do emigrace |
| 250 | . | ‡a1. vyd. v Melantrichu | |
| 260 | . | ‡aPraha : ‡bMelantrich, ‡c1991-1992 | |
| 300 | . | ‡a479, [17] stran ; ‡c20 cm | |
| 490 | 1 | . | ‡aMemoáry Melantrich |
| 500 | . | ‡aPřetisk vyd. z r. 1982, vydaného v torontském nakl. Sixty-Eight Publishers | |
| 600 | 1 | 7. | ‡aDrtina, Prokop, ‡d1900-1980 ‡7jk01023131 ‡2czenas |
| 655 | 7. | ‡avzpomínky ‡7fd133830 ‡2czenas | |
| 700 | 1 | . | ‡aDoležal, Jiří, ‡d1925-1991 ‡7jk01022624 ‡4aut |
| 700 | 1 | . | ‡aDrábek, Jaroslav, ‡d1901-1996 ‡7jk01022933 ‡4aui |
| 830 | 0. | ‡aMemoáry Melantrich | |
| 910 | . | ‡aBNE702 | |
| 901 | . | ‡a30084 ‡b ‡c30084 ‡tbiblio | |